书目信息 |
| 题名: |
法国文学史
|
|
| 作者: | 柳鸣九 著 | |
| 分册: | 上 | |
| 出版信息: | 北京 人民文学出版社 1979 |
|
| 页数: | 460页 | |
| 开本: | 20cm | |
| 丛书名: | ||
| 单 册: | ||
| 中图分类: | I565.09 | |
| 科图分类: | ||
| 主题词: | 文学史--法国 | |
| 电子资源: | ||
| ISBN: | ||
| 000 | 00607nam0 2200229 45 | |
| 001 | 0179005827 | |
| 005 | 20040415163646.5 | |
| 010 | @dCNY1.10 | |
| 091 | @a10019.2715 | |
| 100 | @a19950724d1979 em y0chiy0121 ea | |
| 101 | 0 | @achi |
| 102 | @aCN@b110000 | |
| 105 | @ay z 000zy | |
| 106 | @ar | |
| 200 | 10 | @a法国文学史@Afa guo wen xue shi@h上@f柳鸣九等著 |
| 210 | @a北京@c人民文学出版社@d1979 | |
| 215 | @a460页@d20cm | |
| 606 | @a文学史@y法国 | |
| 690 | @aI565.09@v3 | |
| 701 | 0 | @a柳鸣九@Aliu ming jiu@4著 |
| 801 | 0 | @aCN@bNLC@c20040415 |
| 905 | @f2@b12978-979@f1@b15339@f1@b178908@dI565.09@e68:1 | |
| 法国文学史.上/柳鸣九等著.-北京:人民文学出版社,1979 |
| 460页;20cm |
| ISBN :CNY1.10 |
| ● |
| 相关链接 |
|
|
|
|
正题名:法国文学史
索取号:I565.09/68:1
 
预约/预借
| 序号 | 登录号 | 条形码 | 馆藏地/架位号 | 状态 | 备注 |
| 1 | 0012978 | 000137916 | 第二借阅区/ [索取号:I565.09/68:1] | 在馆 | |
| 2 | 0012979 | 000137925 | 第二借阅区/ [索取号:I565.09/68:1] | 在馆 | |
| 3 | 0015339 | 000137881 | 第二借阅区/ [索取号:I565.09/68:1] | 在馆 | |
| 4 | 0178908 | 000137907 | 第二借阅区/ [索取号:I565.09/68:1] | 在馆 |